Cultura generale ITA #15 - Statistics

Statistiche generali
  • Questo quiz è stato fatto 378 volte
  • Il punteggio medio è 9 su 20
Statistiche sulle risposte
Hint Risposta % Corretto
Unità fisica della massa nel sistema internazionale Chilogrammo
87%
Anno in cui il mercato finanziario di Wall Street subì un crollo, segnando l'inizio della Grande Depressione 1929
84%
Il nome del programma di Giovanni Muciaccia Art Attack
83%
Il primo imperatore romano Ottaviano Augusto
72%
Saltatore e atleta italiano, soprannominato in inglese Half-shave Gianmarco Tamberi
59%
Esibizione sonora che non prevede l'intervento di strumenti musicali A cappella
58%
Classe biologica degli scorpioni Arachnida
50%
Ne sono esempi Katrina, Harvey, Wilma Uragano
50%
Il primo lungometraggio animato a colori e col sonoro della storia, uscito nel 1937 Biancaneve e i sette nani
45%
Area geografica la cui cultura folkloristica comprende i Leprecauni Irlanda
45%
Il nome tecnico che descrive la paura di buchi Tripofobia
39%
Variante del comportamento umano, fino al 1990 considerata una malattia mentale Omosessualità
36%
Nella grammatica italiana, l'unico modo verbale per cui il tempo della coniugazione determina la diatesi e viceversa Participio
34%
Titolo del primo video caricato su YouTube (in inglese) nel 2005 Me at the zoo
30%
Incrocio di tre strade Trivio
29%
Nome della distanza minima di due note musicali Semitono
24%
Nome comune di Drosophila Melanogaster, organismo usato in vari studi di genetica Moscerino della frutta
19%
Paese di cui è capitale Astana Kazakhstan
17%
Significato di LCD Liquid Crystal Display
12%
Strumento di lavoro tradizionale usato per la realizzazione di pizzi e merletti Tombolo
9%
Nessun quiz corrispondente trovato
Distribuzione punteggi
Percentuale di utenti per punteggio
Percentile per numero di risposta
I tuoi punteggi nel tempo
Non hai fatto questo quiz